|
|
|
|
| LEADER |
00000nab a2200000 a 4500 |
| 001 |
vtls000817462 |
| 003 |
SK-MaSNL |
| 005 |
20260303220600.0 |
| 008 |
140303c2002 xo 0 slo |
| 015 |
|
|
|a SNBRB2002/12-40188
|
| 035 |
|
|
|a CLN000169117
|
| 040 |
|
|
|a SNKBUCL
|b slo
|c SNKBUCL
|e AACR2
|
| 041 |
0 |
|
|a slo
|
| 044 |
|
|
|a xo
|c SK
|
| 080 |
|
|
|a 615.221.035
|2 1997
|
| 080 |
|
|
|a 616.12-008.331.1-085:615.221.035
|2 1997
|
| 100 |
0 |
|
|a (ou)
|4 aut
|9 839640
|
| 245 |
1 |
0 |
|a Kedy ordinovať antihypertenzívum a aký druh?
|c [autor] (ou)
|
| 300 |
|
|
|b Sch., tab.
|
| 650 |
0 |
7 |
|a antihypertenzíva
|2 SNKPH
|9 13457
|
| 650 |
0 |
7 |
|a hypertenzia
|2 SNKPH
|9 2490
|
| 650 |
0 |
7 |
|a farmakoterapia
|2 SNKPH
|9 14158
|
| 655 |
|
7 |
|a články z novín a časopisov
|2 SNK
|9 267496
|
| 773 |
0 |
|
|t Zdravotnícke noviny
|g Roč. 7, č. 42 (2002)
|x 1335-4477
|
| 773 |
0 |
|
|t [Príl.] Lekárske listy
|g Č. 42 (2002), s. 4-5
|x 1335-4477
|
| 850 |
|
|
|a Slovenská národná knižnica v Martine
|
| 852 |
|
|
|a SNK
|b KIS3GCP
|
| 958 |
|
|
|a MI
|
| 992 |
|
|
|a RBX
|
| 999 |
|
|
|c 2227821
|d 2229751
|